Central Library OPAC University of Rajshahi

Current issues in European social psychology / (Record no. 57333)

MARC details
000 -LEADER
fixed length control field 01040nas a2200313 a 4500
001 - CONTROL NUMBER
control field 57333
003 - CONTROL NUMBER IDENTIFIER
rucl marc code BD-RjUL
005 - DATE AND TIME OF LATEST TRANSACTION
control field 20211209080509.0
008 - FIXED-LENGTH DATA ELEMENTS--GENERAL INFORMATION
fixed length control field 161208s1983 enk x 0 a0eng c
020 ## - INTERNATIONAL STANDARD BOOK NUMBER
International Standard Book Number 0521242398
035 ## - SYSTEM CONTROL NUMBER
System control number (BD-RjUL)57457
040 ## - CATALOGING SOURCE
Original cataloging agency NSDP
Language of cataloging eng
Transcribing agency NSDP
Modifying agency BD-RjUL
-- OCoLC
041 ## - LANGUAGE CODE
Language code of text/sound track or separate title eng
082 04 - DEWEY DECIMAL CLASSIFICATION NUMBER
Classification number 302
Edition number 23
Author mark and year CUR 1983
245 10 - TITLE STATEMENT
Title Current issues in European social psychology /
Statement of responsibility, etc. Willem Doise; Serge Moscovici
260 ## - PUBLICATION, DISTRIBUTION, ETC. (IMPRINT)
Place of publication, distribution, etc. New York :
Name of publisher, distributor, etc. Editions de la Maison des Sciences de l'homme,
Date of publication, distribution, etc. c1983
300 ## - PHYSICAL DESCRIPTION
Pagination v. ;
Size 24 cm.
490 1# - SERIES STATEMENT
Series statement Vol. 1: European studies in social psychology
500 ## - GENERAL NOTE
General note Include index
505 ## - FORMATTED CONTENTS NOTE
Formatted contents note Vol. 1 --
650 #0 - SUBJECT ADDED ENTRY--TOPICAL TERM
Topical term or geographic name as entry element Social psychology
Geographic subdivision Europe
Form subdivision Periodicals.
9 (RLIN) 170276
Topical term or geographic name as entry element Sociale psychologie.
Source of heading or term gtt
9 (RLIN) 170277
776 08 - ADDITIONAL PHYSICAL FORM ENTRY
Relationship information Online version:
Title Current issues in European social psychology
Record control number (OCoLC)643977948
830 #0 - SERIES ADDED ENTRY--UNIFORM TITLE
Uniform title European studies in social psychology.
942 ## - ADDED ENTRY ELEMENTS (KOHA)
Source of classification or shelving scheme Dewey Decimal Classification
Koha item type Books
Holdings
Lost status Source of classification or shelving scheme Damaged status Not for loan Collection code Permanent Location Current Location Shelving location Date acquired Source of acquisition Cost, normal purchase price Total Checkouts Full call number Date last seen Copy number Koha item type
  Dewey Decimal Classification   Not For Loan Non-fiction Central Library, University of Rajshahi Central Library, University of Rajshahi Reading Room 21/07/1988 Mirza Book agency 37.50   302 CUR V-1 1983 08/12/2016 C-1 Books